LDR 00916naa#a2200205#i#450# 001 RU\\bibl\121337 005 20260514225403.4 011 ## _a1994-4683 100 ## _a20230803b2023####ek#y0rusy0150####ca 102 ## _aRU 200 1# _aРАЗВИТИЕ КАЧЕСТВА ВЫНОСЛИВОСТИ У СПОРТСМЕНОВ РАЗЛИЧНЫХ СПЕЦИАЛИЗАЦИЙ _eЖурнальная статья 210 1# _aМосква _cНациональный государственный Университет физической культуры, спорта и здоровья им. П.Ф. Лесгафта _d2023 215 ## _a5 с. 608 ## _aЖурнальная статья _2local 675 ## _aВыносливость. 796.012.12 _z 700 #1 _aСкоросов _gК К 700 #1 _aМедведев _gИ Н 700 #1 _aДоронцев _gА В 700 #1 _aКириллова _gН В 856 4# _auchzapiski.lesgaft.spb.ru _u